000
00303nam a22001337a 4500
008
170907b xxu||||| |||| 00| 0 eng d
020
_a
9780312059842
041
_a
eng
080
_a
72
100
_a
41
101
_a
ARK
245
_a
THE VANDERBILTS AND THE GILDED AGE
_c
FOREMAN, J
942
_2
udc
_c
BK
999
_c
26513
_d
26513